000 01681nam0a2200337 4500
001 RU\NLR\bibl\984931
005 20250614215631.0
010 _a5-86889-273-9
_9100
021 _aRU
_b2006-49626
_92456
035 _a(NLR Aleph) 000972802
090 _a409938
_c409938
100 _a20060918d2005 |||y0rusy50 ca
101 0 _arus
102 _aRU
105 _aa |||||||||
200 1 _aСтатистика
_eучебное пособие
_eдля студентов специальности 080504 "Государственное и муниципальное управления"
_fЗ.П. Лепихина
_gФедер. агентство по образованию, Том. гос. ун-т систем упр. и радиоэлектроники
210 _aТомск
_cТомский государственный университет систем управления и радиоэлектроники
_d2005
215 _a284 с.
_cил.
_d20
320 _aБиблиогр.: с. 277-278 (22 назв.)
606 1 _aСтатистика
_jУчебные издания для высших учебных заведений
_xТеория
_91096411
_3RU\NLR\auth\66111604
606 1 _aЭкономическая статистика
_jУчебные издания для высших учебных заведений
_91100242
_3RU\NLR\auth\66113592
686 _aС61я73
686 _aУ051.9(2)я73
700 1 _aЛепихина
_bЗ. П.
_gЗинаида Павловна
_4070
801 0 _aRU
_bNLR
_c20060918
_grcr
801 1 _aRU
_bNLR
_c20060918
830 _aАвт. по кн.
942 _cBOOK
980 _aNB
980 _aNBR